000 01100cab a2200229 4500
001 ABS52027
008 090401t1995 xxu||||| |||| 00| 0 eng d
035 _a(Sirsi) u55324
041 _aeng
100 _aSamson, J.
245 _aMisdescription : vendors beware
260 _c1995
350 _a0
490 _aEstates Gazette
_v(9504) 28 January 1995, 76(1)
520 _aDiscusses decisions on property misdescriptions at auction which find that the onus is on the vendor and his auctioneers to be accurate. Cases include "Museprime Properties Ltd v Adhill Properties Ltd" (Abs43413), "Atlantic Estates Ltd v Ezekiel" (WB2719-01), "St Marylebone Property Co Ltd v Payne" (Abs51659), "King Brothers (Finance) Ltd v North Western British Road Services Ltd", "Rignall Developments v Halil" (Abs37864), "Production Techology Consultants v Bartlett" (Abs39393) and "McCullagh v Lane Fox and Partners Ltd" (Abs50202).
650 _aAuctioneering
_96218
650 _aPROPERTY MISDESCRIPTIONS
690 _aAuctioneering
_96218
700 _aRadgick, J.
942 _n0
948 _c04/03/1997
999 _c33790
_d33790